000 00527nam a2200181Ia 4500
999 _c28649
_d28649
003 OSt
005 20260416152737.0
008 190216s9999||||xx |||||||||||||| ||und||
020 _a9798188582791
040 _coclc
082 _a894.8129
_bYAT/N
100 _aYati, Nitya Chaitanya
_96870
245 0 _aNerudhayude Ormakurippukal /
_cNitya Chaitanya Yati
260 _bGreen Books,
_aThrissur:
_c2005.
300 _a155p
650 _aOormakurip
942 _cBK
_2ddc
_h894.8129
_iYAT/N
_k894.8129
_mYAT/N